000 00312nam a22001337a 4500
008 170523b xxu||||| |||| 00| 0 eng d
020 _a9780070411029
041 _aeng
080 _a658.5
100 _a26
101 _aIM
245 _aMAYNARD'S INDUSTRIAL ENGINEERING HANDBOOK
_cZANDIN,K.B
942 _2udc
_cBK
999 _c13943
_d13943